Scientific autobiography, and other papers /

Bibliographic Details
Main Author: Planck, Max, 1858-1947
Other Authors: Laue, Max von, 1879-1960
Format: Book
Language:English
German
Published: New York : Philosophical Library, [1949]
Subjects:

MARC

Tag First Indicator Second Indicator Subfields
LEADER 00000cam a2200000 4500
001 in00000048149
005 20151007065549.0
008 730109s1949 nyu 00000 eng u
010 |a  49011086  
035 |a (OCoLC)00531698 
035 |9 AAE2244AM 
040 |c KSU  |d MCL  |d TXA  |d UtOrBLW 
041 1 |a eng  |a ger 
049 |a TXAM  |c [177525] 
050 0 0 |a Q171  |b .P7 
092 |a 504  |b P711s 
096 |a Q 171 P711s 1949 
100 1 |a Planck, Max,  |d 1858-1947. 
245 1 0 |a Scientific autobiography, and other papers /  |c with a memorial address on Max Planck, by Max von Laue. Tr. from German by Frank Gaynor. 
264 1 |a New York :  |b Philosophical Library,  |c [1949] 
300 |a 192 pages :  |b portrait ;  |c 22 cm. 
336 |a text  |b txt  |2 rdacontent 
337 |a unmediated  |b n  |2 rdamedia 
338 |a volume  |b nc  |2 rdacarrier 
650 0 |a Science. 
650 0 |a Science  |x Philosophy. 
600 1 0 |a Planck, Max,  |d 1858-1947. 
700 1 |a Laue, Max von,  |d 1879-1960. 
999 |a MARS 
999 f f |s 7de568cf-9a90-3a26-8171-0db82d1af966  |i f3866b1c-f78d-369a-affc-98feb68dd962  |t 0 
952 f f |p ric  |a Texas A&M University  |b Rellis Campus  |c Joint Library Facility  |d Remote Storage  |t 0  |e Q171 .P7  |h Library of Congress classification  |i unmediated -- volume  |m A14800893044 
998 f f |a Q171 .P7  |t 0  |l Remote Storage